Memoria del Ministro de Relaciones Esteriores presentada al Congreso Nacional en 1899
Salvato in:
| Natura: | Libro |
|---|---|
| Lingua: | spagnolo |
| Pubblicazione: |
Santiago
Imprenta Nacional
1899
|
| Edizione: | 1a. ed |
| Soggetti: | |
| Tags: |
Aggiungi Tag
Nessun Tag, puoi essere il primo ad aggiungerne!!
|
MARC
| LEADER | 00000cam a2200000 a 4500 | ||
|---|---|---|---|
| 001 | UCE4851 | ||
| 003 | CL-VaPUC | ||
| 008 | 141113e18990000cl |||||||||||||||||spa|d | ||
| 082 | 0 | 4 | |a 351.05 |b MEM |2 21 |
| 245 | 1 | 0 | |a Memoria del Ministro de Relaciones Esteriores presentada al Congreso Nacional en 1899 |
| 250 | |a 1a. ed | ||
| 300 | |a t | ||
| 942 | |c BK | ||
| 945 | |d 20141113 14:00:00 |a arojas | ||
| 260 | |a Santiago |b Imprenta Nacional |c 1899 | ||
| 600 | 0 | 7 | |a MINISTERIO DE RELACIONES EXTERIORES |2 CL-VaPUC |9 398252 |
| 600 | 0 | 7 | |a CONGRESO NACIONAL |2 CL-VaPUC |9 396553 |
| 650 | 7 | |a MEMORIAS MINISTERIALES |2 CL-VaPUC |9 396559 | |
| 650 | 0 | |a Historia de Chile |9 322385 | |
| 650 | 0 | |a Fuentes Históricas |9 265141 | |
| 650 | 0 | |a Balances |9 356958 | |
| 650 | 7 | |a CORRESPONDENCIA DIPLOMATICA |2 CL-VaPUC |9 504471 | |
| 650 | 0 | |a Relaciones Exteriores |9 255379 | |
| 583 | |a last modification |c 20141113 14:00:00 |k Rodrigo Vera | ||
| 999 | |c 357709 |d 357707 | ||
| 952 | |0 0 |1 0 |3 erd |4 0 |6 351_050000000000000_MEM_1899 |7 0 |8 X |9 465759 |a FDOBUD |b FDOBUD |h t.2 |i 5124441 |o 351.05 MEM 1899 |p 5124441 |r 2019-11-23 |w 2019-11-23 |y BK_X |z Catalogado en:20141113 |k BUD | ||